000 00535nam a2200205Ia 4500
005 20240604105846.0
008 131103s9999 xx 000 0 und d
040 _aLoreto College
041 _aEnglish
082 _a570
_bLEO
100 _aLeopold, Luna B.
245 _aWater
_cLuna B. Leopold & Kenneth S.Davis
260 _aU.S.A
_bTime incorporated
_c1970
300 _a191p
504 _aIncludes bibilographical references
650 _aGeneral science
700 _aDavis, Kenneth S.
850 _aLCBED
942 _cBK
999 _c28706
_d79185